000 00915nam a2200289Ia 4500
001 Z_2491
003 CHAP
008 220113s1978 xx 000 0 und d
010 _a165548
040 _cCHAP
082 _a551.4 O6
100 _aOrtíz Solorio, Carlos A
_9139468
245 _aMetodología del levantamiento fisiográfico : un sistema de clasificación de tierras /
_cpor Carlos A Ortíz Solorio y Heriberto E. Cuanalo de la Cerda
260 _aChapingo, Méx. :
_bENA. Colegio de Postgraduados. Rama de Suelos,
_c1978
300 _a85 p.:
_bilus. ; mapas
440 _a
500 _a
503 _a
650 _aFotografía aérea I. ENA. Colegio de Postgraduados, Rama de Suelos II. Cuanalo de la Cerda, Heriberto E. III. t.
_9139469
650 _aLevantamiento fisiográfico
901 _a551.4 O6
902 _aA
910 _a1978
942 _c1
942 _cc1
999 _c165548
_d165548